Datum a čas kvízu
26
Celkem bodů
Celkový počet nahraných bodů na tomto kvízu bez doplňovacích otázek.
10.
Pořadí na kvízu
Konečné umístění týmu na tomto kvízu.
Zaznamenané odpovědi
| # | Otázka | Odpověď | Body | Výsledky |
|---|---|---|---|---|
| 1. | V posledních týdnech se do Čes... | spalničky | 0 | |
| 2. | Nepálské úřady minulý týden oz... | C) pytlíkem na výkaly | 1 | |
| 3. | Městské divadlo v Brně v sobot... | Bílá Voda | 0 | |
| 4. | Která automobilka získala s je... | Mercedes | 0 | |
| 5. | V noci z neděle na pondělí se... | Kansas City (Chiefs), San Francisco (49ers) | 0 | |
| 6. | Vítězné téma facebookového hla... | 1D 2B 3A 4C | 0 | |
| 7. | Dne 4. ledna 1997 došlo ke sňa... | Havel, Veškrnová | 1 | |
| 8. | Devadesátkovou klasikou je fil... | Fuck Off Guys Good Day | 0 | |
| 9. | Kolik tlačítek má na své předn... | tři | 0 | |
| 10. | Ke kterému městu se v souvislo... | Vsetín | 0 |